Diálogos entre educación especial y nociones de campo en las ciencias sociales /

Detalles Bibliográficos
Otros Autores: Soler Martín, Carolina (Editor)
Formato: Electrónico eBook
Lenguaje:español
Publicado: Bogotá : Editorial Aula de Humanidades, 2024.
Edición:Primera edición.
Colección:Educación y pedagogía (Editorial Aula de Humanidades). Serie Inclusión.
Materias:
Acceso en línea:Digitalia Hispánica

MARC

LEADER 00000nam a2200000 i 4500
001 DIGAUHUM0039
003 NyNyDIG
007 cr |||||||||||
008 250502s2024 ck a ob 001 0 spa d
006 m o d
035 |a (OCoLC)1519505029 
040 |a DGITA  |b eng  |e rda  |e pn  |c DGITA 
020 |a 9786287700291  |q (versión digital) 
020 |z 9786287700284  |q (versión impresa) 
050 1 4 |a LC3965 ebook 
245 0 0 |a Diálogos entre educación especial y nociones de campo en las ciencias sociales /  |c Carolina Soler Martín (ed.). 
250 |a Primera edición. 
264 1 |a Bogotá :  |b Editorial Aula de Humanidades,  |c 2024. 
300 |a 1 online resource :  |b illustrations. 
336 |a text  |b txt  |2 rdacontent 
337 |a computer  |b c  |2 rdamedia 
338 |a online resource  |b cr  |2 rdacarrier 
347 |a text file  |2 rdaft 
347 |b PDF 
490 1 |a Colección Educación y pedagogía. Serie Inclusión 
504 |a Includes bibliographical references and indexes. 
588 0 |a Online resource; title from PDF title page (Digitalia, viewed May 2, 2025) 
650 0 |a Special education. 
650 0 |a Special education teachers. 
650 0 |a Social sciences  |x Study and teaching. 
700 1 |a Soler Martín, Carolina,  |e editor. 
791 2 |a Digitalia (Firm),  |e distributor. 
793 0 |g Digitalia eBook Collection:  |a Editorial Aula de Humanidades 
776 0 8 |i Print version:  |t Diálogos entre educación especial y nociones de campo en las ciencias sociales.  |b Primera edición.  |d Bogotá : Editorial Aula de Humanidades, [2024]  |z 9786287700284 
830 0 |a Educación y pedagogía (Editorial Aula de Humanidades). Serie Inclusión. 
856 4 0 |3 Digitalia Hispánica  |u https://www.digitaliapublishing.com/a/170627/ 
910 |a Premium collection: 2025